თეთრი ხიდი / (ბიბ.ჩანაწერი № 59627)
[ მარტივი ფორმატი ]
| 000 -LEADER | |
|---|---|
| fixed length control field | 00811nam a22001697a 4500 |
| 003 - CONTROL NUMBER IDENTIFIER | |
| control field | Ge_BSU |
| 005 - DATE AND TIME OF LATEST TRANSACTION | |
| control field | 20230324094857.0 |
| 008 - FIXED-LENGTH DATA ELEMENTS--GENERAL INFORMATION | |
| fixed length control field | 230324c2022 ge ||||| |||| 00| 0 geo d |
| 022 ## - INTERNATIONAL STANDARD SERIAL NUMBER | |
| International Standard Serial Number | 2720-8273 |
| 041 ## - LANGUAGE CODE | |
| Language code of text/sound track or separate title | geo |
| 245 ## - TITLE STATEMENT | |
| Title | თეთრი ხიდი / |
| Statement of responsibility, etc. | ქუთაისის ილია ჭავჭავაძის სახელობის საჯარო ბიბლიოთეკის ჟურნალი; მთავარი რედაქტორი იოსებ იარღანაშვილი. |
| 260 ## - PUBLICATION, DISTRIBUTION, ETC. | |
| Place of publication, distribution, etc. | ქუთაისი, |
| Date of publication, distribution, etc. | 2022- |
| 300 ## - PHYSICAL DESCRIPTION | |
| Extent | 84 გვ.; |
| Other physical details | 29 სმ. |
| 653 ## - INDEX TERM--UNCONTROLLED | |
| Uncontrolled term | პერიოდიკა |
| 700 ## - ADDED ENTRY--PERSONAL NAME | |
| Personal name | იარღანაშვილი, იოსებ |
| Relator term | მთავარი რედაქტორი. |
| 9 (RLIN) | 17240 |
| 942 ## - ADDED ENTRY ELEMENTS (KOHA) | |
| Source of classification or shelving scheme | |
| Koha item type | პერიოდიკა |
არაა ხელმისაწვდომი ეგზემპლარები.
